000 00537 a2200181 4500
005 20260302095435.0
008 260226b |||||||| |||| 00| 0 eng d
020 _a9788193887752
040 _cSDCL
041 _2eng
_aeng
084 _aV2y7M91 R3
245 _aGlobalization, politics and the nation :
_bCritical reflections on Dr. B.R. Ambedkar
260 _aDelhi :
_bChanakya Pub.& Dist.,
_c2023.
300 _axxii, 257p.
700 _aSudhir, Singh Ed.
_91116764
700 _aThomas, Sabu Ed.
_91116763
942 _cTEXL
_2CC
999 _c1678947
_d1678947